000 00817cab a2200217 4500
001 X3343
008 090401t1996 xxu||||| |||| 00| 0 eng d
035 _a(Sirsi) u29868
041 _aeng
245 _aGrosvenor (Mayfair) Estate v Edward Erdman Property Investment Ltd
260 _c1996
350 _a0
490 _aNew Property Cases
_v[1996] NPC 69, (2)
520 _aChD 3 May 1996. Landlords fail to forfeit a lease which appears, through a drafting error, to involve them in a massive and unintended liability. (taken from case heading) NOTE: NO PHOTOCOPYING ALLOWED.
650 _aDRAFTING OF LEASES
650 _aFORFEITURE OF LEASE
650 _aGROSVENOR (MAYFAIR) ESTATE V EDWARD ERDMAN PROPERTY INVESTMENT LTD
690 _aLANDLORD AND TENANT-CASE LAW
942 _n0
948 _c04/03/1997
999 _c20095
_d20095